00770nam a2200253 a 4500001001300000003000900013005001700022008004100039020002300080082001500103100001800118245006900136260004300205300000900248500003500257505001000292650002600302650002400328700001800352902000800370942000700378952011600385999001500501nice12345678IN_TiNIC20260116013052.0050524s1966 lona grp 000 0 eng  a0415085 c47000a306.6bDOU aDouglas, Mary aPurity and Dangerb Analysis of Concepts of Pollution and Taboo. aLondon bRoutledge Chapman Hall c1966 a193p aincludes index and biblioraphy2 aIndex aAnthropology-Cultural aPurity-Anthropology1 aDouglas, Mary bSRS cBK 001040708StackRoom-aHMIbHMId2007-04-04g470.00l0o306.6 DOUp019886r2007-04-04v470.00w2005-05-24yBK c9515d9515